000 00676cgm a22002057a 4500
005 20201125063856.0
007 vd cgaizm
008 140923t2013 xxx f |||| 0| vneng d-
020 _a9781111398620
020 _a1111398623
040 _aEG-ScBUE
082 0 0 _222
_a428.0071
_bPAT
245 0 0 _aPathways 2
_h[videorecording] :
_blistening, speaking, and critical thinking : exam view assessment suite.
246 3 _aPathways two
260 _a[S. l.] :
_bNational Geographic Learning :
_bHeinle Cengage Learning,
_cc.2013.
300 _a2 CD-ROM.
653 _bEEENG
_cSeptember2014
710 2 _aNational Geographic Learning
_935969
942 _2ddc
_cCDR
_k428.0071 PAT TR
999 _c18411
_d18383